000 01218nam2a22002771 4500
001 rc\291433
005 20250621063738.0
010 _a5-7133-0364-0
_930000
035 _a(NLR Aleph) 005629185
090 _a6560291
_c6560291
100 _a20030307d1990 |||y0rusy50 ca
101 0 _arus
102 _aRU
105 _aa |||||||||
200 1 _aОт Отечественной войны до положения второй мировой державы. Сталин и Хрущев, 1941-1964
210 _d1990
_aБ. м.
215 _a631, [1] с.
_cил.
320 _aБиблиогр. в примеч.: с. 559-623
320 _aУказ. имен: с. 624-628
461 0 _1001rc\291431
_12001#$aИстория Советского Союза$eВ 2 т.$e[Пер. с итал.]$v[Т.] 2
_1700#1$aБоффа$bД.$gДжузеппе
_96560276
_aБоффа, Д.
_cМ.
_d1990-
_nМеждунар. отношения
_oВ 2 т. : [Пер. с итал.]
_tИстория Советского Союза
_y5-7133-0362-4
_v[Т.] 2
600 1 _aХрущев
_bН.С.
_gНикита Сергеевич
_2psbo
801 0 _aRU
_bNLR
_gpsbo
801 1 _aRU
_bELAR
_2rusmarc
852 _aNLR
_j90-5/5167
942 _cBOOK
980 _aNB